00245nam a2200109Ia 4500008004100000100001700041245002900058260001000087260000900097546001200106999001700118170627s9999 xx 000 0 und d aMISHRA - M.N 0aORGANISATIONAL BEHAVIOUR bVIKAS c2001 aENGLISH c35653d35653